| Tag |
First Indicator |
Second Indicator |
Subfields |
| LEADER |
00000pam a2200000 a 4500 |
| 001 |
in00000336649 |
| 005 |
20151011051834.0 |
| 008 |
820809s1982 dcu b 00100 eng |
| 010 |
|
|
|a 81047619
|
| 020 |
|
|
|a 0801827094 :
|c $35.00
|
| 035 |
|
|
|a (OCoLC)08708341
|
| 035 |
|
|
|9 ABL0972AM
|
| 039 |
0 |
|
|a 2
|b 3
|c 3
|d 3
|e 3
|
| 040 |
|
|
|a DLC
|c DLC
|d TXA
|d UtOrBLW
|
| 043 |
|
|
|a n-us---
|
| 049 |
|
|
|a TXAM
|c [953026]
|
| 050 |
0 |
0 |
|a HD9502 U52
|b D57 1982
|
| 082 |
0 |
|
|a 333.79/0973
|2 19
|
| 245 |
0 |
0 |
|a Discounting for time and risk in energy policy /
|c Robert C. Lind [and others].
|
| 264 |
|
1 |
|a Washington, D.C. :
|b Resources for the Future ;
|c [1982]
|
| 264 |
|
2 |
|a Baltimore :
|b Distributed by the Johns Hopkins University Press,
|
| 264 |
|
4 |
|c ©1982
|
| 300 |
|
|
|a xv, 468 pages ;
|c 24 cm.
|
| 336 |
|
|
|a text
|b txt
|2 rdacontent
|
| 337 |
|
|
|a unmediated
|b n
|2 rdamedia
|
| 338 |
|
|
|a volume
|b nc
|2 rdacarrier
|
| 504 |
|
|
|a Includes bibliographies and index.
|
| 650 |
|
0 |
|a Energy development
|z United States
|x Cost effectiveness.
|
| 650 |
|
0 |
|a Energy development
|x Social aspects
|z United States.
|
| 650 |
|
0 |
|a Energy policy
|z United States.
|
| 700 |
1 |
|
|a Lind, Robert C.
|
| 710 |
2 |
|
|a Resources for the Future.
|
| 999 |
|
|
|a MARS
|
| 999 |
f |
f |
|s 26f4e7ea-2c62-3660-bb82-013ca7b9ffed
|i ddc498b5-47cf-322f-b3e0-26ae8d7d0587
|t 0
|
| 952 |
f |
f |
|p normal
|a Texas A&M University
|b College Station
|c Sterling C. Evans Library
|d Evans: Library Stacks
|t 0
|e HD9502 U52 D57 1982
|h Library of Congress classification
|i unmediated -- volume
|m A14806447524
|
| 998 |
f |
f |
|a HD9502 U52 D57 1982
|t 0
|l Evans: Library Stacks
|